An organizational analysis of university-environment relations /

Bibliographic Details
Main Author: Frey, James H.
Format: Book
Language:English
Published: Washington : University Press of America, [1977]
Subjects:

MARC

Tag First Indicator Second Indicator Subfields
LEADER 00000cam a2200000 i 4500
001 in00000613178
005 20151014165443.0
008 780403s1977 dcua b 00010 eng
010 |a  78303901  
020 |a 0819103357 
035 |a (OCoLC)03841192 
035 |9 ACS4931AM 
040 |a DLC  |c DLC  |d TXA  |d UtOrBLW 
043 |a n-us--- 
049 |a TXAM  |c [1612372] 
050 0 0 |a LB2341  |b .F75 
082 0 |a 658./.91/37873 
100 1 |a Frey, James H. 
245 1 3 |a An organizational analysis of university-environment relations /  |c James H. Frey. 
264 1 |a Washington :  |b University Press of America,  |c [1977] 
264 4 |c ©1977 
300 |a iii, 188 pages :  |b illustrations ;  |c 22 cm. 
336 |a text  |b txt  |2 rdacontent 
337 |a unmediated  |b n  |2 rdamedia 
338 |a volume  |b nc  |2 rdacarrier 
504 |a Bibliography: pages 177-188. 
650 0 |a Universities and colleges  |z United States  |x Administration. 
650 0 |a Community and college  |z United States. 
999 |a MARS 
999 f f |s cc8707b0-efc0-3b20-94e2-1a2e8655e57a  |i 5fd20dbe-fceb-3001-afa6-b709d81484cb  |t 0 
952 f f |p normal  |a Texas A&M University  |b College Station  |c Sterling C. Evans Library  |d Evans: Library Stacks  |t 0  |e LB2341 .F75  |h Library of Congress classification  |i unmediated -- volume  |m A14803282616 
998 f f |a LB2341 .F75  |t 0  |l Evans: Library Stacks